000 01481nam2a2200301 4500
001 RU\NLR\BIBL_A\011630133
005 20250626101814.0
010 _a978-5-8354-1404-8
010 _a978-5-8354-1407-9
021 _aRU
_b2018-2119
_9КН-П-146
035 _a(RuMoRGB)009519262
035 _a(NLR Aleph) 011630133
090 _a11029455
_c11029455
100 _a20180215d2017 |||y0rusy50 ca
101 0 _arus
102 _aRU
105 _ay|||z|||000zy
200 1 _aВключая Авторское право на литературные произведения
210 _d2017
_aБ. м.
215 _a478, [1] с.
320 _aБиблиогр. в тексте и в подстроч. примеч.
461 0 _1001RU\NLR\BIBL_A\011639939
_12001#$aИзбранное$fГабриэль Феликсович Шершеневич$gвступительное слово П.В. Крашенникова$g[составитель: П.В. Крашенинников]$vТ. 3
_1700#1$aШершеневич$bГ. Ф.$f1863-1912$3RU\NLR\AUTH\7721244$gГабриэль Феликсович
_911074367
_aШершеневич, Г. Ф. (1863-1912)
_cМосква
_d2017
_fГабриэль Феликсович Шершеневич
_nСтатут
_tИзбранное
_vТ. 3
606 1 _aАвторское право
_yРоссия
_92410928
_3RU\NLR\AUTH\661436473
686 1 _aХ839(2)33
942 _cBOOK
980 _aNB